00634nam a2200157 a 450000100100000000500170001000800410002704000250006808200170009310000260011024501400013626000400027630000280031695201150034499900170045900004150820201002034943.0131009s1978 xxua 001 0 eng d aDO-SdBNPbengcBNPHU axxxxxbxxxxx1 aHedgecoe, John96821510aThe photographer´s handbook :ba complete reference manual of photographic tecniques, procedures, equiment and style /cJonh Hedgecoe. aNew York :bAlfred A. Knopf,c1978. a325 p. :bil. ;c25 cm. 001050718MOaGRbGRcHDd2013-10-09iLF1l0oxxxxx xxxxxp41508-10r2020-06-25w2020-06-25y1ZNo se presta c40998d40998